| 000 | 00929nam a22002777a 4500 | ||
|---|---|---|---|
| 999 |
_c46233 _d46233 |
||
| 001 | 19876 | ||
| 003 | CO-MdFUSB | ||
| 005 | 20180622073200.0 | ||
| 008 | 180427t1964 enk||||| |||| 00| 0 eng d | ||
| 040 |
_aCO-MdFUSB _bspa _cCO-MdFUSB _dCO-MdFUSBC _erda |
||
| 041 | _aeng | ||
| 082 | 0 | 4 | _aG 228.06 F2458ra |
| 100 | 1 |
_aFarrer, Austin _eautor |
|
| 245 | 4 |
_aThe revelation of St. John the Divine _c / Austin Farrer |
|
| 264 | 4 |
_aOxford, England : _b At the Clarendon Press, _c©1964 |
|
| 300 | _a233 páginas | ||
| 336 |
_2rdacontent _atexto _btxt |
||
| 337 |
_2rdamedia _asin mediación _bn |
||
| 338 |
_2rdacarrier _avolumen _bnc |
||
| 500 | _aIncluye índice (p. 229-233) | ||
| 501 | _aPasta dura | ||
| 505 | 0 | 0 | _aIntroducción al libro del Apocalipsis - El día del Señor - El León de Judá - Ayes del águila - El hombre celestial |
| 653 | _aBiblia N.T. - Apocalipsis - Comentarios | ||
| 653 | _aExégesis | ||
| 942 | _cBK | ||